Ambientes para el aprendizaje activo : (Record no. 79730)

MARC details
000 -CABECERA
campo de control de longitud fija 00623nam a22002053a 4500
005 - FECHA Y HORA DE LA ÚLTIMA TRANSACCIÓN
campo de control 20240925064317.0
008 - ELEMENTOS DE LONGITUD FIJA--INFORMACIÓN GENERAL
campo de control de longitud fija 010424s1998 mx r 000 0 spa d
020 ## - NÚMERO INTERNACIONAL NORMALIZADO PARA LIBROS
Número Internacional Estándar del Libro 9682457238
035 ## - NÚMERO DE CONTROL DEL SISTEMA
Número de control de sistema UPN01000105817
049 ## - COLECCIÓN
Colección CG
050 #4 - SIGNATURA TOPOGRÁFICA DE LA BIBLIOTECA DEL CONGRESO
Número de clasificación LB1140.3
Número de documento/Ítem A4.28
245 00 - MENCIÓN DE TÍTULO
Título Ambientes para el aprendizaje activo :
Resto del título compendio de lecturas /
Mención de responsabilidad, etc. comp. Roberto Barocio ; tr. Leticia Ortiz.
260 ## - PUBLICACIÓN, DISTRIBUCIÓN, ETC.
Lugar de publicación, distribución, etc. México :
Nombre del editor, distribuidor, etc. Trillas,
Fecha de publicación, distribución, etc. 1998.
300 ## - DESCRIPCIÓN FÍSICA
Extensión 62 p.
650 #4 - ASIENTO SECUNDARIO DE MATERIA - TERMINO TEMATICO
Término de materia o nombre geográfico como elemento de entrada Educación preescolar
9 (RLIN) 1517
650 #4 - ASIENTO SECUNDARIO DE MATERIA - TERMINO TEMATICO
Término de materia o nombre geográfico como elemento de entrada Niño, Estudio del
9 (RLIN) 221
700 1# - ASIENTO SECUNDARIO--NOMBRE DE PERSONAL
Nombre de persona Barocio Quijano, Roberto,
Término indicativo de función/relación comp.
9 (RLIN) 32241
905 ## - TIPO DE MATERIAL
Tipo de material Libro
Holdings
Estado de retiro Estado de pérdida Fuente del sistema de clasificación o colocación Estado dañado No para préstamo Código de colección Localización permanente Ubicación/localización actual Ubicación en estantería Total de préstamos Clasificación Código de barras Fecha visto por última vez Número de copia Tipo de ítem Koha Fecha de adquisición Fecha del último préstamo
    Library of Congress Classification     Colección General Bib. Gregorio Torres Quintero Bib. Gregorio Torres Quintero Planta baja 10 LB1140.3 A4.28 169011 31/12/2020 1 Libro    
    Library of Congress Classification     Colección General Bib. Gregorio Torres Quintero Bib. Gregorio Torres Quintero Planta baja 5 LB1140.3 A4.28 222614 19/04/2024 1 Libro 22/03/2024 22/03/2024